ბათუმის შოთა რუსთაველის სახელმწიფო უნივერსიტეტის ბიბლიოთეკა

ლიტერატურული (გამო)ძიებანი (ბიბ.ჩანაწერი № 43777)

000 -LEADER
fixed length control field 01097nam a2200265Ia 4500
001 - CONTROL NUMBER
control field 10522
003 - CONTROL NUMBER IDENTIFIER
control field GE_BSU
008 - FIXED-LENGTH DATA ELEMENTS--GENERAL INFORMATION
fixed length control field 181216s||||||||xx |||||||||||||| ||und||
020 ## - INTERNATIONAL STANDARD BOOK NUMBER
International Standard Book Number 9789941421372
040 ## - CATALOGING SOURCE
Transcribing agency GE_BSU
080 ## - UNIVERSAL DECIMAL CLASSIFICATION NUMBER
Universal Decimal Classification number 82.0+821.353.1.09
100 ## - MAIN ENTRY--PERSONAL NAME
Personal name ბრეგაძე,ლევან
245 ## - TITLE STATEMENT
Title ლიტერატურული (გამო)ძიებანი
245 ## - TITLE STATEMENT
Remainder of title ლიტერეტურის თეორია;ქართული ლიტერატურის ისტორია და კრიტიკა.
245 ## - TITLE STATEMENT
Statement of responsibility, etc. რედ:ზვიად კვარაცხელია.
260 ## - PUBLICATION, DISTRIBUTION, ETC.
Place of publication, distribution, etc. თბილისი
260 ## - PUBLICATION, DISTRIBUTION, ETC.
Name of publisher, distributor, etc. არტანუჯი
260 ## - PUBLICATION, DISTRIBUTION, ETC.
Date of publication, distribution, etc. 2011
300 ## - PHYSICAL DESCRIPTION
Extent 290გვ;20სმ.
653 ## - INDEX TERM--UNCONTROLLED
Uncontrolled term ლიტერატურული (გამო)ძიებანი:
653 ## - INDEX TERM--UNCONTROLLED
Uncontrolled term ლიტერეტურის თეორია;
653 ## - INDEX TERM--UNCONTROLLED
Uncontrolled term ქართული ლიტერატურის ისტორია და კრიტიკა.
942 ## - ADDED ENTRY ELEMENTS (KOHA)
Koha item type წიგნი
ეგზემპლარები
Withdrawn status Lost status Damaged status Not for loan Date acquired Barcode Date last seen Price effective from Koha item type
        2018-12-17 34383 2018-12-17 2018-12-17 წიგნი
        2018-12-17 34384 2018-12-17 2018-12-17 წიგნი